000 01208cam a22003137a 4500
003 CHAP
005 20220329142631.0
008 010920d2001 mx r 00110 spa d
010 _a85927
011 _a86899
035 _a97439
040 _cCHAP
090 _aTesis
100 0 0 _aSantos Ramos, Felipe Neri de los
_9102522
245 1 3 _aLa testa del grano de frijol de la variedad canario 107 como defensa al ataque del gorgojo común Acanthoscelides obtectus Say (Coleoptera : Bruchidae)
_c/por Felipe Neri de los Santos Ramos
260 _aChapingo, Méx. :
_bEl autor,
_c2002.
300 _a39 h. ;
_bgráfs.
502 _aTesis (Ing. Agr. Esp. en Parasitología Agrícola) -- UACH. Departamento de Parasitología Agrícola
590 _aALEPH
_b10
_c20130110
_lUCH01
_h1447
590 _aBATCH-UPD
_b10
_c20130110
_lUCH01
_h2156
590 _aCONVERSION
_b10
_c20130109
_lUCH01
_h1348
650 1 4 _aAcanthoscelides obtectus.
_9402
650 1 4 _aFrijol
_xVariedades resistentes a plagas.
_943450
901 _aBK
905 _aAlejandra Carrasco M.
942 _cFOLL
949 _aTesis
_bBC
_cTES
_d33724000867537
_eTS2
_fc.2
_h39504
_i97439
_sb
949 _aTesis
_bBC
_cTES
_d974391
_eTS1
_h39503
_i97439
_sb
999 _c85927
_d85927